000 00289nam a22001217a 4500
008 170922b xxu||||| |||| 00| 0 eng d
041 _aeng
080 _a37
100 _a45
101 _aEDU
245 _aMULTICULTURAL STRATEGIES FOR COMMUNITY COLLEGES
_cSYNED
942 _2udc
_cBK
999 _c29026
_d29026